000 01695nam a2200421 a 4500
001 0000343
003 DO-SdBNP
005 20180314095420.0
007 0000343
008 150602s2007 dr a 000 0 spa d
020 _z9945426257
040 _aBPMSU
_bspa
_cBPMSU
092 _a372.21
_bA516p, 5 años, 2007
100 1 _aAmiama Espaillat, Cristina
245 0 0 _aPan y canela 5 :
_bnivel inicial /
_cCristina Amiama Espaillat, Rebeca González ; dirección editorial Diana Paris ; ilustración Henry Cid, Montserrat Ubach Figueras.
260 _aSanto Domingo :
_bEdiciones SM,
_c2007.
300 _a278 p.:
_bil. ;
_c23 cm.
490 1 _aProyecto de mundo abierto
490 1 _aEducación en valores
505 0 _tEl centro educativo, mi casa --
_tMi persona --
_tLa experiencia familiar --
_tLa navidad --
_tEl barrio donde vivo --
_tMi país --
_tEl carnaval --
_tLos alimentos y la salud --
_tLos animales --
_tLos transportes --
_tLos medios de comunicación --
_tLa naturaleza en el planeta tierra /
650 _aEDUCACIÓN PREESCOLAR
_zREPÚBLICA DOMINICANA
650 _aEDUCACIÓN DE NIÑOS
650 _aEDUCACIÓN EN LA PRIMERA INFANCIA
650 _aJARDINES INFANTILES
650 _aEDUCACIÓN PREESCOLAR
_xLIBROS DE TEXTO
650 _aEDUCACIÓN PREESCOLAR
_xESTUDIOS Y EJERCICIOS
700 1 _aGonzález, Rebeca
700 1 _aParis, Diana
_edir. ed.
700 1 _aCid, Henry
_eil.
700 1 _aUbach Figueras, Montserrat
_eil.
700 1 _aCastillo, Edmundo
_eil.
830 0 _aProyecto mundo abierto
830 0 _aEducación en valores
910 _a00144
942 _2ddc
_cBK
945 _aRemanejado para la BNPHU, 2018 / BT
956 _aYLOCKWARD
_b10
999 _c9939
_d9939